[Event "WCO 2016"]
[Site "?"]
[Date "2016.09.11"]
[Round "9"]
[Board "14"]
[WhiteID "6500331"]
[White "Valdes Romero Leonardo"]
[BlackID "16300440"]
[Black "Yang ching Wei, Austin"]
[Result "1/2-1/2"]
[BlackElo "1997"]
[WhiteElo "2387"]
[LiveChessVersion "1.4.8"]

1. e4 {[%clk 1:30:55]} c5 {[%clk 1:30:23]} 2. Nf3 {[%clk 1:31:19]} e6
{[%clk 1:30:42]} 3. d4 {[%clk 1:31:30]} cxd4 {[%clk 1:31:07]} 4. Nxd4
{[%clk 1:31:55]} a6 {[%clk 1:31:23]} 5. Bd3 {[%clk 1:30:08]} Bc5 {[%clk 1:30:44]}
6. Nb3 {[%clk 1:30:04]} Ba7 {[%clk 1:30:57]} 7. Nc3 {[%clk 1:28:16]} d6
{[%clk 1:28:55]} 8. Qf3 {[%clk 1:25:06]} Nc6 {[%clk 1:26:54]} 9. Qg3
{[%clk 1:25:05]} Nf6 {[%clk 1:24:42]} 10. Be3 {[%clk 1:23:26]} Bxe3
{[%clk 1:22:28]} 11. Qxe3 {[%clk 1:22:39]} O-O {[%clk 1:20:06]} 12. O-O-O
{[%clk 1:21:55]} b5 {[%clk 1:17:28]} 13. Be2 {[%clk 1:14:28]} Qc7
{[%clk 1:14:21]} 14. f4 {[%clk 1:12:03]} Rb8 {[%clk 0:58:07]} 15. Bf3
{[%clk 1:03:58]} b4 {[%clk 0:52:27]} 16. Ne2 {[%clk 1:02:01]} e5 {[%clk 0:50:26]}
17. Kb1 {[%clk 0:46:26]} a5 {[%clk 0:46:31]} 18. Rd2 {[%clk 0:43:20]} Ba6
{[%clk 0:35:15]} 19. Nbc1 {[%clk 0:42:17]} a4 {[%clk 0:31:54]} 20. Rhd1
{[%clk 0:41:25]} Na5 {[%clk 0:31:06]} 21. b3 {[%clk 0:41:41]} Rfc8
{[%clk 0:30:14]} 22. g4 {[%clk 0:39:42]} Nd7 {[%clk 0:25:25]} 23. f5
{[%clk 0:24:49]} Nb6 {[%clk 0:23:23]} 24. f6 {[%clk 0:24:29]} gxf6
{[%clk 0:20:51]} 25. g5 {[%clk 0:19:32]} Nbc4 {[%clk 0:15:57]} 26. Qg1
{[%clk 0:19:35]} Na3+ {[%clk 0:13:13]} 27. Ka1 {[%clk 0:19:44]} f5
{[%clk 0:13:07]} 28. g6 {[%clk 0:14:22]} hxg6 {[%clk 0:07:57]} 29. Rxd6
{[%clk 0:03:47]} Nxc2+ {[%clk 0:08:12]} 30. Kb1 {[%clk 0:04:13]} Na3+
{[%clk 0:08:31]} 31. Ka1 {[%clk 0:04:38]} Nc2+ {[%clk 0:08:28]} 32. Kb1
{[%clk 0:04:59]} Na3+ {[%clk 0:06:56]} 33. Ka1 {[%clk 0:05:24]} Nc2+ 1/2-1/2

[Event "WCO 2016"]
[Site "?"]
[Date "2016.09.11"]
[Round "9"]
[Board "15"]
[WhiteID "16300416"]
[White "Liu Yeh Yang"]
[BlackID "6500218"]
[Black "Murillo Tsijli Alexis"]
[Result "1-0"]
[BlackElo "2272"]
[WhiteElo "2009"]
[LiveChessVersion "1.4.8"]

1. e4 {[%clk 1:30:57]} e5 {[%clk 1:30:55]} 2. Nf3 {[%clk 1:31:24]} Nf6
{[%clk 1:31:20]} 3. Nxe5 {[%clk 1:31:48]} d6 {[%clk 1:31:46]} 4. Nf3
{[%clk 1:32:15]} Nxe4 {[%clk 1:32:07]} 5. d4 {[%clk 1:32:41]} d5 {[%clk 1:32:32]}
6. Bd3 {[%clk 1:33:08]} Be7 {[%clk 1:31:50]} 7. O-O {[%clk 1:33:31]} Nc6
{[%clk 1:31:17]} 8. Re1 {[%clk 1:29:41]} Bg4 {[%clk 1:31:34]} 9. c3
{[%clk 1:29:59]} f5 {[%clk 1:30:36]} 10. Nbd2 {[%clk 1:28:17]} O-O
{[%clk 1:30:32]} 11. Qb3 {[%clk 1:27:25]} Kh8 {[%clk 1:25:17]} 12. Qxb7
{[%clk 1:23:00]} Rf6 {[%clk 1:23:00]} 13. Qb3 {[%clk 1:23:11]} Bd6
{[%clk 1:18:48]} 14. h3 {[%clk 1:12:11]} Bh5 {[%clk 1:10:53]} 15. Bf1
{[%clk 1:12:37]} Rg6 {[%clk 1:03:27]} 16. Qc2 {[%clk 1:10:45]} Qf6
{[%clk 0:52:38]} 17. b3 {[%clk 1:08:54]} Rf8 {[%clk 0:51:34]} 18. Qd3
{[%clk 1:06:22]} Bg4 {[%clk 0:47:36]} 19. hxg4 {[%clk 0:35:30]} fxg4
{[%clk 0:46:33]} 20. Nxe4 {[%clk 0:34:38]} dxe4 {[%clk 0:46:53]} 21. Rxe4
{[%clk 0:35:05]} gxf3 {[%clk 0:47:02]} 22. g3 {[%clk 0:35:34]} Ne7
{[%clk 0:40:16]} 23. Kh2 {[%clk 0:30:18]} Nf5 {[%clk 0:31:46]} 24. Bf4
{[%clk 0:29:44]} Nh6 {[%clk 0:29:44]} 25. Qxf3 {[%clk 0:25:51]} Ng4+
{[%clk 0:19:04]} 26. Kg2 {[%clk 0:26:19]} Qf5 {[%clk 0:12:26]} 27. Be2
{[%clk 0:23:45]} Nf6 {[%clk 0:08:32]} 28. Bxd6 {[%clk 0:23:05]} Qxf3+
{[%clk 0:06:50]} 29. Bxf3 {[%clk 0:23:32]} cxd6 {[%clk 0:07:12]} 30. Re6
{[%clk 0:23:44]} d5 {[%clk 0:06:03]} 31. Rae1 {[%clk 0:24:01]} Rg5
{[%clk 0:05:46]} 32. Ra6 {[%clk 0:23:50]} Rf5 {[%clk 0:05:15]} 33. Re2
{[%clk 0:22:31]} g5 {[%clk 0:04:15]} 34. Re5 {[%clk 0:20:57]} 1-0

[Event "WCO 2016"]
[Site "?"]
[Date "2016.09.11"]
[Round "9"]
[Board "16"]
[WhiteID "6500072"]
[White "Chinchilla Miranda Eugenio"]
[BlackID "16300203"]
[Black "Min Po-Yen"]
[Result "1-0"]
[BlackElo "1842"]
[WhiteElo "2214"]
[LiveChessVersion "1.4.8"]

1. d4 {[%clk 1:30:52]} Nf6 {[%clk 1:30:47]} 2. c4 {[%clk 1:31:14]} e6
{[%clk 1:31:10]} 3. Nc3 {[%clk 1:31:32]} Bb4 {[%clk 1:31:10]} 4. Qc2
{[%clk 1:31:55]} d5 {[%clk 1:28:34]} 5. cxd5 {[%clk 1:30:54]} exd5
{[%clk 1:28:34]} 6. Bg5 {[%clk 1:30:58]} O-O {[%clk 1:28:10]} 7. e3
{[%clk 1:29:16]} b6 {[%clk 1:21:16]} 8. Bd3 {[%clk 1:27:26]} h6 {[%clk 1:21:12]}
9. Bh4 {[%clk 1:27:19]} Bb7 {[%clk 1:05:06]} 10. Nf3 {[%clk 1:25:10]} Nbd7
{[%clk 1:02:23]} 11. O-O {[%clk 1:22:28]} Be7 {[%clk 0:59:29]} 12. Rac1
{[%clk 1:14:09]} Nh5 {[%clk 0:48:58]} 13. Bxe7 {[%clk 1:09:37]} Qxe7
{[%clk 0:49:21]} 14. Rfe1 {[%clk 1:04:46]} c5 {[%clk 0:31:03]} 15. e4
{[%clk 0:54:22]} cxd4 {[%clk 0:27:05]} 16. Nxd5 {[%clk 0:49:31]} Bxd5
{[%clk 0:23:06]} 17. exd5 {[%clk 0:49:48]} Qf6 {[%clk 0:22:47]} 18. Bh7+
{[%clk 0:36:36]} Kh8 {[%clk 0:23:03]} 19. Bf5 {[%clk 0:35:40]} Nc5
{[%clk 0:14:54]} 20. b4 {[%clk 0:32:42]} Na6 {[%clk 0:06:16]} 21. a3
{[%clk 0:31:48]} Nf4 {[%clk 0:04:35]} 22. Qe4 {[%clk 0:30:35]} g5
{[%clk 0:03:07]} 23. Rc6 {[%clk 0:27:18]} Qg7 {[%clk 0:02:26]} 24. Nxd4
{[%clk 0:27:33]} Rad8 {[%clk 0:01:20]} 25. d6 {[%clk 0:15:25]} Nb8
{[%clk 0:01:32]} 26. g3 {[%clk 0:12:31]} Nxc6 {[%clk 0:00:32]} 27. Nxc6
{[%clk 0:12:54]} Rxd6 {[%clk 0:00:35]} 28. gxf4 {[%clk 0:13:10]} gxf4+
{[%clk 0:00:33]} 29. Kh1 {[%clk 0:13:28]} a6 {[%clk 0:00:33]} 30. Ne7
{[%clk 0:11:18]} Rd4 {[%clk 0:00:39]} 31. Qf3 {[%clk 0:11:15]} Qf6
{[%clk 0:00:36]} 32. Bd3 {[%clk 0:10:21]} a5 {[%clk 0:00:34]} 33. Nf5
{[%clk 0:08:50]} Rd7 {[%clk 0:00:32]} 34. Bb1 {[%clk 0:08:03]} Rg8
{[%clk 0:00:35]} 35. Qxf4 {[%clk 0:08:05]} axb4 {[%clk 0:00:45]} 36. axb4
{[%clk 0:06:24]} Qg5 {[%clk 0:00:44]} 37. Qe4 {[%clk 0:04:49]} f6
{[%clk 0:00:35]} 38. Nh4 {[%clk 0:03:09]} Rdg7 {[%clk 0:00:36]} 39. h3
{[%clk 0:02:44]} Qh5 {[%clk 0:00:35]} 40. Kh2 {[%clk 0:32:07]} b5
{[%clk 0:30:31]} 41. Rg1 {[%clk 0:31:14]} f5 {[%clk 0:23:22]} 42. Qd4
{[%clk 0:30:45]} Kh7 {[%clk 0:21:26]} 43. Bxf5+ {[%clk 0:30:36]} Kh8
{[%clk 0:21:07]} 44. Ng6+ {[%clk 0:29:36]} Kh7 {[%clk 0:21:31]} 45. Ne7+
{[%clk 0:29:35]} Kh8 {[%clk 0:21:46]} 46. Nxg8 {[%clk 0:29:50]} 1-0

[Event "WCO 2016"]
[Site "?"]
[Date "2016.09.11"]
[Round "9"]
[Board "13"]
[WhiteID "21501564"]
[White "Masrhi Abdulrahman A"]
[BlackID "7000634"]
[Black "Nanjo Ryosuke"]
[Result "0-1"]
[BlackElo "2340"]
[WhiteElo "1900"]
[LiveChessVersion "1.4.8"]

1. d4 {[%clk 1:30:57]} Nf6 {[%clk 1:30:51]} 2. Nf3 {[%clk 1:31:19]} g6
{[%clk 1:31:18]} 3. Bf4 {[%clk 1:31:41]} Bg7 {[%clk 1:31:43]} 4. e3
{[%clk 1:32:01]} d6 {[%clk 1:32:07]} 5. Be2 {[%clk 1:32:09]} O-O {[%clk 1:32:18]}
6. O-O {[%clk 1:32:27]} b6 {[%clk 1:32:28]} 7. h3 {[%clk 1:32:34]} Bb7
{[%clk 1:32:53]} 8. a4 {[%clk 1:32:48]} a6 {[%clk 1:33:08]} 9. Nbd2
{[%clk 1:33:03]} Nbd7 {[%clk 1:33:29]} 10. Bh2 {[%clk 1:32:48]} Qe8
{[%clk 1:32:45]} 11. Nc4 {[%clk 1:31:45]} Ne4 {[%clk 1:32:42]} 12. c3
{[%clk 1:30:55]} e5 {[%clk 1:32:31]} 13. Qc2 {[%clk 1:28:20]} f5 {[%clk 1:31:38]}
14. Rfd1 {[%clk 1:26:44]} Kh8 {[%clk 1:28:46]} 15. b4 {[%clk 1:05:32]} Qe7
{[%clk 1:23:48]} 16. b5 {[%clk 0:58:04]} a5 {[%clk 1:22:08]} 17. Qc1
{[%clk 0:50:28]} Rae8 {[%clk 1:16:30]} 18. Qa3 {[%clk 0:47:38]} Ng5
{[%clk 1:09:18]} 19. dxe5 {[%clk 0:37:37]} Nxf3+ {[%clk 1:09:19]} 20. Bxf3
{[%clk 0:37:52]} Bxf3 {[%clk 1:09:14]} 21. gxf3 {[%clk 0:37:53]} Nxe5
{[%clk 1:03:43]} 22. Bxe5 {[%clk 0:35:23]} Bxe5 {[%clk 1:03:38]} 23. Nxe5
{[%clk 0:35:12]} Qxe5 {[%clk 1:03:36]} 24. f4 {[%clk 0:31:09]} Qe4
{[%clk 1:03:13]} 25. Qa2 {[%clk 0:28:29]} Qf3 {[%clk 0:40:50]} 26. Qc4
{[%clk 0:27:48]} Re7 {[%clk 0:40:39]} 27. Qd4+ {[%clk 0:27:48]} Rg7
{[%clk 0:40:37]} 28. Qd5 {[%clk 0:26:41]} Qxh3 {[%clk 0:40:39]} 29. Qg2
{[%clk 0:20:25]} Qh5 {[%clk 0:37:16]} 30. Qg5 {[%clk 0:14:24]} Qxg5+
{[%clk 0:32:29]} 31. fxg5 {[%clk 0:14:32]} f4 {[%clk 0:32:42]} 32. e4
{[%clk 0:13:50]} f3 {[%clk 0:32:35]} 33. Rd5 {[%clk 0:12:06]} Re7
{[%clk 0:32:27]} 34. Re1 {[%clk 0:12:04]} Rfe8 {[%clk 0:27:24]} 35. e5
{[%clk 0:06:22]} Rxe5 {[%clk 0:22:06]} 36. Rexe5 {[%clk 0:06:35]} Rxe5
{[%clk 0:22:10]} 37. Rxe5 {[%clk 0:06:57]} dxe5 {[%clk 0:22:33]} 38. Kh2
{[%clk 0:07:20]} h5 {[%clk 0:22:15]} 39. gxh6 {[%clk 0:07:32]} g5
{[%clk 0:22:06]} 0-1

[Event "WCO 2016"]
[Site "?"]
[Date "2016.09.11"]
[Round "9"]
[Board "14"]
[WhiteID "2028255"]
[White "Averbukh Alex"]
[BlackID "21504164"]
[Black "Bukannan Ahmed A"]
[Result "0-1"]
[BlackElo "1890"]
[WhiteElo "2223"]
[LiveChessVersion "1.4.8"]

1. b3 {[%clk 1:30:50]} Nf6 {[%clk 1:30:23]} 2. Bb2 {[%clk 1:31:14]} e6
{[%clk 1:30:33]} 3. e3 {[%clk 1:31:36]} d5 {[%clk 1:30:43]} 4. f4
{[%clk 1:32:00]} g6 {[%clk 1:30:45]} 5. Nf3 {[%clk 1:32:11]} Bg7 {[%clk 1:30:56]}
6. Be2 {[%clk 1:31:36]} O-O {[%clk 1:31:13]} 7. O-O {[%clk 1:31:47]} c5
{[%clk 1:30:58]} 8. Qc1 {[%clk 1:30:33]} Nc6 {[%clk 1:30:42]} 9. Ne5
{[%clk 1:30:01]} Nxe5 {[%clk 1:29:45]} 10. Bxe5 {[%clk 1:30:21]} b6
{[%clk 1:28:54]} 11. d3 {[%clk 1:29:34]} Bb7 {[%clk 1:27:57]} 12. Nd2
{[%clk 1:29:39]} Nd7 {[%clk 1:28:02]} 13. Bxg7 {[%clk 1:29:22]} Kxg7
{[%clk 1:28:28]} 14. Bf3 {[%clk 1:27:20]} Qc7 {[%clk 1:14:37]} 15. Qb2+
{[%clk 1:24:01]} f6 {[%clk 1:14:03]} 16. Bg4 {[%clk 1:20:56]} Rae8
{[%clk 1:12:34]} 17. Nf3 {[%clk 1:20:29]} Kg8 {[%clk 1:07:52]} 18. Bh3
{[%clk 1:12:36]} Bc6 {[%clk 1:01:23]} 19. b4 {[%clk 1:04:58]} cxb4
{[%clk 0:56:51]} 20. Qxb4 {[%clk 1:00:59]} Nc5 {[%clk 0:53:44]} 21. Nd4
{[%clk 0:51:15]} Bd7 {[%clk 0:52:49]} 22. Nb5 {[%clk 0:46:22]} Bxb5
{[%clk 0:52:26]} 23. Qxb5 {[%clk 0:46:49]} a6 {[%clk 0:51:32]} 24. Qb2
{[%clk 0:46:23]} b5 {[%clk 0:48:20]} 25. Qc3 {[%clk 0:41:21]} Qb6
{[%clk 0:45:10]} 26. Bg4 {[%clk 0:32:51]} Kf7 {[%clk 0:43:48]} 27. Bf3
{[%clk 0:32:27]} Na4 {[%clk 0:40:48]} 28. Qe1 {[%clk 0:28:12]} Rc8
{[%clk 0:40:02]} 29. Rf2 {[%clk 0:28:15]} Rc3 {[%clk 0:38:45]} 30. Bd1
{[%clk 0:25:55]} Rfc8 {[%clk 0:37:36]} 31. Rb1 {[%clk 0:25:27]} a5
{[%clk 0:33:38]} 32. Rb3 {[%clk 0:20:00]} Rxb3 {[%clk 0:32:06]} 33. cxb3
{[%clk 0:20:20]} Nc3 {[%clk 0:32:25]} 34. Bf3 {[%clk 0:20:01]} Rc7
{[%clk 0:31:54]} 35. h3 {[%clk 0:19:58]} Qd6 {[%clk 0:31:03]} 36. Rc2
{[%clk 0:16:14]} b4 {[%clk 0:31:12]} 37. Kh2 {[%clk 0:11:42]} Nb5
{[%clk 0:30:52]} 38. Re2 {[%clk 0:10:06]} Qc5 {[%clk 0:29:13]} 39. Qh4
{[%clk 0:10:09]} Kg7 {[%clk 0:29:25]} 40. e4 {[%clk 0:39:27]} Nd4
{[%clk 0:55:07]} 41. Rf2 {[%clk 0:38:22]} Nxf3+ {[%clk 0:55:20]} 42. Rxf3
{[%clk 0:38:33]} dxe4 {[%clk 0:55:32]} 43. dxe4 {[%clk 0:38:58]} Qd4
{[%clk 0:55:19]} 44. f5 {[%clk 0:25:10]} exf5 {[%clk 0:53:08]} 45. Rxf5
{[%clk 0:23:19]} Qd6+ {[%clk 0:50:07]} 46. e5 {[%clk 0:22:09]} fxe5
{[%clk 0:50:33]} 47. Qg3 {[%clk 0:21:27]} Re7 {[%clk 0:49:55]} 48. Rf3
{[%clk 0:20:52]} Rd7 {[%clk 0:47:34]} 49. Rf5 {[%clk 0:17:56]} Re7
{[%clk 0:45:26]} 50. Rf3 {[%clk 0:18:24]} Qe6 {[%clk 0:45:23]} 51. Rf2
{[%clk 0:11:17]} e4 {[%clk 0:44:35]} 52. Qe3 {[%clk 0:10:09]} Qe5+
{[%clk 0:44:04]} 53. Kg1 {[%clk 0:09:49]} Rd7 {[%clk 0:43:41]} 54. Re2
{[%clk 0:04:16]} Rd1+ {[%clk 0:42:49]} 55. Kf2 {[%clk 0:04:39]} Qf5+
{[%clk 0:41:50]} 0-1

[Event "WCO 2016"]
[Site "?"]
[Date "2016.09.11"]
[Round "9"]
[Board "15"]
[WhiteID "21500029"]
[White "Al Habeeb Emad"]
[BlackID "7000936"]
[Black "Yamada Kohei"]
[Result "0-1"]
[BlackElo "2100"]
[WhiteElo "2030"]
[LiveChessVersion "1.4.8"]

1. Nf3 {[%clk 1:30:53]} Nf6 {[%clk 1:30:54]} 2. d4 {[%clk 1:30:53]} d5
{[%clk 1:31:18]} 3. g3 {[%clk 1:30:41]} e6 {[%clk 1:30:48]} 4. Bg2
{[%clk 1:25:28]} Be7 {[%clk 1:31:07]} 5. O-O {[%clk 1:24:30]} O-O
{[%clk 1:31:30]} 6. c4 {[%clk 1:23:52]} dxc4 {[%clk 1:31:43]} 7. a4
{[%clk 1:23:51]} c5 {[%clk 1:28:12]} 8. Qc2 {[%clk 1:19:10]} cxd4
{[%clk 1:25:19]} 9. Qxc4 {[%clk 1:19:28]} Nc6 {[%clk 1:23:22]} 10. Rd1
{[%clk 1:18:31]} e5 {[%clk 1:21:43]} 11. e3 {[%clk 1:11:53]} Be6 {[%clk 1:17:28]}
12. Qb5 {[%clk 0:57:53]} a6 {[%clk 1:15:21]} 13. Qf1 {[%clk 0:56:15]} Bb3
{[%clk 0:58:16]} 14. Rd2 {[%clk 0:55:41]} Qb6 {[%clk 0:48:50]} 15. exd4
{[%clk 0:53:30]} exd4 {[%clk 0:49:13]} 16. Qd3 {[%clk 0:51:58]} Rad8
{[%clk 0:48:05]} 17. Re2 {[%clk 0:49:50]} Be6 {[%clk 0:46:52]} 18. Ne1
{[%clk 0:43:10]} Nb4 {[%clk 0:37:50]} 19. Qd2 {[%clk 0:35:40]} d3
{[%clk 0:36:42]} 20. Re5 {[%clk 0:29:21]} Ng4 {[%clk 0:29:00]} 21. a5
{[%clk 0:25:11]} Qc7 {[%clk 0:22:02]} 22. Re4 {[%clk 0:22:35]} Bc5
{[%clk 0:21:12]} 23. Rf4 {[%clk 0:17:14]} Nxf2 {[%clk 0:19:13]} 24. Rxf2
{[%clk 0:17:06]} Nc2 {[%clk 0:18:52]} 25. Ra4 {[%clk 0:16:11]} Nxe1
{[%clk 0:19:01]} 26. Qxe1 {[%clk 0:16:04]} Bxf2+ {[%clk 0:19:21]} 27. Qxf2
{[%clk 0:14:35]} Qxc1+ 28. Bf1 {[%clk 0:11:42]} Qxb1 {[%clk 0:19:41]} 0-1

[Event "WCO 2016"]
[Site "?"]
[Date "2016.09.11"]
[Round "9"]
[Board "16"]
[WhiteID "7001339"]
[White "Tang Tang"]
[BlackID "21500401"]
[Black "Al Turky Fahad A"]
[Result "0-1"]
[BlackElo "1861"]
[WhiteElo "2108"]
[LiveChessVersion "1.4.8"]

1. d4 {[%clk 1:30:57]} Nf6 {[%clk 1:30:48]} 2. Bg5 {[%clk 1:31:23]} d5
{[%clk 1:29:08]} 3. Nd2 {[%clk 1:31:36]} e6 {[%clk 1:26:32]} 4. e3
{[%clk 1:31:53]} Be7 {[%clk 1:26:44]} 5. Bd3 {[%clk 1:32:09]} b6 {[%clk 1:25:25]}
6. Qe2 {[%clk 1:31:48]} c5 {[%clk 1:24:50]} 7. c3 {[%clk 1:32:03]} O-O
{[%clk 1:24:30]} 8. f4 {[%clk 1:32:11]} a5 {[%clk 1:23:29]} 9. a4
{[%clk 1:31:32]} Ba6 {[%clk 1:20:31]} 10. Bxa6 {[%clk 1:29:59]} Nxa6
{[%clk 1:20:26]} 11. Ngf3 {[%clk 1:30:19]} Ne4 {[%clk 1:10:05]} 12. Bxe7
{[%clk 1:28:42]} Qxe7 {[%clk 1:10:05]} 13. Nxe4 {[%clk 1:15:33]} dxe4
{[%clk 1:10:18]} 14. Ng5 {[%clk 1:15:37]} f5 {[%clk 1:07:37]} 15. Qc4
{[%clk 1:15:29]} Nc7 {[%clk 1:04:30]} 16. dxc5 {[%clk 1:11:15]} bxc5
{[%clk 0:49:15]} 17. O-O-O {[%clk 0:57:30]} h6 {[%clk 0:49:02]} 18. Nh3
{[%clk 0:57:34]} Nd5 {[%clk 0:48:25]} 19. Rhe1 {[%clk 0:56:56]} Rab8
{[%clk 0:40:29]} 20. Rd2 {[%clk 0:53:49]} Qb7 {[%clk 0:33:11]} 21. g4
{[%clk 0:51:16]} g6 {[%clk 0:25:50]} 22. gxf5 {[%clk 0:48:04]} gxf5
{[%clk 0:22:26]} 23. Rg1+ {[%clk 0:40:20]} Kh7 {[%clk 0:18:34]} 24. Qe2
{[%clk 0:33:14]} Nxc3 {[%clk 0:16:54]} 25. Qh5 {[%clk 0:33:14]} Rg8
{[%clk 0:03:35]} 26. Ng5+ {[%clk 0:32:24]} Rxg5 {[%clk 0:03:52]} 27. fxg5
{[%clk 0:31:58]} Na2+ {[%clk 0:04:08]} 28. Kb1 {[%clk 0:32:19]} Nc3+
{[%clk 0:04:19]} 29. Ka1 {[%clk 0:32:32]} Qg7 {[%clk 0:03:04]} 30. Qxh6+
{[%clk 0:32:31]} Qxh6 {[%clk 0:03:00]} 31. gxh6 {[%clk 0:32:59]} Nd5
{[%clk 0:02:51]} 32. Rg3 {[%clk 0:30:27]} Rb4 {[%clk 0:02:58]} 33. Rdg2
{[%clk 0:30:09]} Rxa4+ {[%clk 0:02:38]} 34. Kb1 {[%clk 0:30:38]} Rb4
{[%clk 0:02:43]} 35. Rg7+ {[%clk 0:30:52]} Kxh6 {[%clk 0:02:58]} 36. R7g3
{[%clk 0:31:00]} Nf6 {[%clk 0:00:43]} 37. Rg6+ {[%clk 0:31:25]} 0-1

[Event "WCO 2016"]
[Site "?"]
[Date "2016.09.11"]
[Round "9"]
[Board "17"]
[WhiteID "9301348"]
[White "Salem A.R. Saleh"]
[BlackID "200018"]
[Black "Winants Luc"]
[Result "1-0"]
[BlackElo "2558"]
[WhiteElo "2628"]
[LiveChessVersion "1.4.8"]

1. d4 {[%clk 1:30:57]} Nf6 {[%clk 1:30:48]} 2. c4 {[%clk 1:31:22]} e6
{[%clk 1:31:04]} 3. Nf3 {[%clk 1:31:46]} Bb4+ {[%clk 1:30:22]} 4. Nbd2
{[%clk 1:32:12]} O-O {[%clk 1:30:36]} 5. a3 {[%clk 1:32:39]} Be7 {[%clk 1:30:56]}
6. e4 {[%clk 1:33:04]} d6 {[%clk 1:31:16]} 7. Be2 {[%clk 1:33:30]} c5
{[%clk 1:31:37]} 8. d5 {[%clk 1:33:44]} exd5 {[%clk 1:30:31]} 9. cxd5
{[%clk 1:34:08]} Re8 {[%clk 1:30:51]} 10. O-O {[%clk 1:34:26]} Bf8
{[%clk 1:31:13]} 11. Bd3 {[%clk 1:33:01]} Bg4 {[%clk 1:28:51]} 12. Qc2
{[%clk 1:33:13]} Nbd7 {[%clk 1:28:32]} 13. b3 {[%clk 1:32:51]} g6
{[%clk 1:23:28]} 14. a4 {[%clk 1:04:16]} Bg7 {[%clk 1:20:24]} 15. Ra2
{[%clk 1:03:58]} Nh5 {[%clk 1:06:06]} 16. h3 {[%clk 0:58:28]} Bxf3
{[%clk 1:06:23]} 17. Nxf3 {[%clk 0:58:54]} Ne5 {[%clk 1:04:50]} 18. Nxe5
{[%clk 0:58:37]} Bxe5 {[%clk 1:05:08]} 19. g3 {[%clk 0:58:55]} a6
{[%clk 1:02:50]} 20. Kg2 {[%clk 0:58:50]} Bd4 {[%clk 1:01:18]} 21. a5
{[%clk 0:49:23]} Rc8 {[%clk 0:55:09]} 22. Ra4 {[%clk 0:48:24]} Rc7
{[%clk 0:49:51]} 23. Rc4 {[%clk 0:45:05]} Rc8 {[%clk 0:45:52]} 24. Bd2
{[%clk 0:42:47]} Nf6 {[%clk 0:45:38]} 25. f4 {[%clk 0:29:51]} Rc7
{[%clk 0:39:07]} 26. Re1 {[%clk 0:24:41]} Rce7 {[%clk 0:38:34]} 27. Qb1
{[%clk 0:25:09]} Nd7 {[%clk 0:29:21]} 28. b4 {[%clk 0:25:33]} Bg7
{[%clk 0:29:29]} 29. bxc5 {[%clk 0:15:42]} Nxc5 {[%clk 0:29:46]} 30. Bb4
{[%clk 0:16:06]} Nxd3 {[%clk 0:28:29]} 31. Qxd3 {[%clk 0:16:34]} Rc7
{[%clk 0:27:59]} 32. Rec1 {[%clk 0:16:24]} Rxc4 {[%clk 0:28:02]} 33. Qxc4
{[%clk 0:16:52]} h5 {[%clk 0:26:44]} 34. Qc7 {[%clk 0:11:38]} Qxc7
{[%clk 0:26:32]} 35. Rxc7 {[%clk 0:12:07]} Rxe4 {[%clk 0:26:50]} 36. Rxb7
{[%clk 0:12:32]} Re2+ {[%clk 0:10:17]} 37. Kf3 {[%clk 0:11:06]} Rb2
{[%clk 0:10:11]} 38. Rb8+ {[%clk 0:03:07]} Kh7 {[%clk 0:10:34]} 39. Bxd6
{[%clk 0:02:14]} Rd2 {[%clk 0:10:53]} 40. Ra8 {[%clk 0:31:17]} Rxd5
{[%clk 0:41:04]} 41. Rxa6 {[%clk 0:28:29]} Rd3+ {[%clk 0:31:48]} 42. Ke4
{[%clk 0:28:06]} Rxg3 {[%clk 0:28:52]} 43. Ra7 {[%clk 0:28:16]} f5+
{[%clk 0:24:49]} 44. Kd5 {[%clk 0:28:38]} Rd3+ {[%clk 0:21:43]} 45. Ke6
{[%clk 0:27:25]} Kh6 {[%clk 0:21:09]} 46. Be7 {[%clk 0:24:04]} h4
{[%clk 0:11:45]} 47. Bg5+ {[%clk 0:21:10]} Kh5 {[%clk 0:12:06]} 48. Rxg7
{[%clk 0:21:26]} 1-0